000
00293nam a2200133Ia 4500
008
210312s9999||||xx |||||||||||||| ||und||
041
_a
osm
050
_a
DT20
050
_b
M44.A37
100
_a
Mehmed Muhsin
245
0
_a
Afrika delili
260
_c
1894
650
_a
Tarih--Afrika--Geziler
999
_c
22413
_d
22413